000 00816cab a2200265 4500
001 WB2834-05
008 090401t1992 xxu||||| |||| 00| 0 eng d
035 _a(Sirsi) u376
041 _aeng
245 _aMove to Docklands `an abuse`
260 _c1992
350 _a0
490 _aIndependent
_v3 September 1992, 6
490 _aFinancial Times
_v3 September 1992, 8(1)
520 _aCriticism has been voiced by the Opposition to the DoE`s proposed move to Docklands, and to the secrecy surrounding the governing policy decisions.
650 _aDEPARTMENT OF THE ENVIRONMENT
650 _aGOVERNMENT BUILDINGS
650 _aLONDON DOCKLANDS
650 _aMARSHAM STREET
650 _aOFFICES
650 _aRELOCATION
690 _aPROPERTY-COMMERCIAL PROPERTY
942 _n0
948 _c04/03/1997
999 _c147
_d147